000 003220000a22001330004500
005 20120302064849.0
942 _cBOOK
100 _a
_a
_b
_c
245 _a The Commentary Of Sri Madhva On Mandukya Upanishad
260 _aMumbai: Vasantik Prakashan
300 _a70 p.
040 _aeng
650 _aUpanishad / Mandukya
999 _c363279
_d363276